| 000 | 00723nam a2200217Ia 4500 | ||
|---|---|---|---|
| 005 | 20241129104321.0 | ||
| 008 | 241129s9999||||xx |||||||||||||| ||und|| | ||
| 020 | _a9781633697706 | ||
| 037 | _aTextual | ||
| 040 |
_aRTL _beng _cRTL |
||
| 041 |
_aeng _2eng |
||
| 084 |
_aX:8:(S:44) Q9 _qRTL |
||
| 100 |
_aYeung Arthur; Ulrich Dave _9725719 |
||
| 245 | 0 |
_aReinventing the organization: How companies can deliver radically greater value in fast-changing markets _cYeung Arthur; Ulrich Dave |
|
| 260 |
_aBoston _bHarvard Business Reccview Press _c2019 |
||
| 300 | _aix,318p. | ||
| 365 |
_aINR _b1250 |
||
| 650 |
_aOrganizational Change _9598384 |
||
| 942 |
_cTB _hX:8:(S:44) Q9 |
||
| 999 |
_c1225360 _d1225360 |
||